| 000 | 00479pab a2200157 454500 | ||
|---|---|---|---|
| 008 | 180718b1983 xxu||||| |||| 00| 0 eng d | ||
| 100 | _aJames, Lawrence R. | ||
| 245 | _aCross - situational specificity in managers perceptions of subordinate performance, attributions and leader behaviors | ||
| 260 | _c1983 | ||
| 300 | _a809-56 | ||
| 362 | _aWinter | ||
| 650 | _aInter - Personal Relations | ||
| 700 | _aJohn F. White III | ||
| 773 | _aPersonnal Psychology | ||
| 909 | _a11305 | ||
| 999 |
_c11305 _d11305 |
||